| 000 | 00792nam a22002055i 4500 | ||
|---|---|---|---|
| 001 | 166590 | ||
| 003 | ES-MaACL | ||
| 005 | 20230906213349.0 | ||
| 008 | 981002s1853 sp |||| | fre d | ||
| 080 | _a087.5:82 | ||
| 100 | 1 |
_aTramarria, Francisco de. _9133367 |
|
| 245 | 1 | 0 |
_aLeçons françaises de littérature et de morale choisies des meilleurs auteurs qui ont écrit dans ce genre / _cpar Tramarria. |
| 250 | _a3e éd. | ||
| 260 |
_aMadrid : _bImp., fonderie et librairie d'Aguado, _c1853. |
||
| 300 |
_a224, 224 p. ; _c19 cm. |
||
| 505 | 8 | _aContiene: Premiere partie: prose . Deuxieme partie: poesie | |
| 650 | 4 |
_aLengua francesa- _vLecturas. _9139019 |
|
| 752 |
_aEspaña - _dMadrid |
||
| 852 | 4 |
_aES-MaACL _jD-2120 _z- Enc. pasta española _z- Legado Modesto de Lafuente |
|
| 999 |
_c166590 _d166590 |
||